00527nam a2200181Ia 4500003000900000008004100009020001800050040001600068080001700084100001700101245008200118260003400200300001400234650004100248650001700289650002200306650001700328IN-BaIIA211028s9999 xx 000 0 eng d a0-08-024648-6 cIIA Library a523.481bWHY aWhyte, A. J. 4aThe planet plutocA. J. Whyte  aTorontobPergamon Pressc1980 axi, 147p. aAstronomy and astrophysics thesaurus aPlanet pluto aPlanetary systems aSolar system